LEGO Ninjago Pilot: Masters of Spinjitzu Minifigures - Statistics

General Stats
  • This quiz has been taken 29 times
  • The average score is 12 of 15
Answer Stats
Picture Answer % Correct
Cole
100%
Jay
100%
Kai
100%
Lord Garmadon
100%
Nya
100%
Wu
100%
Zane
96%
Samukai
91%
Kruncha
74%
Nuckal
70%
Wyplash
61%
Bonezai
57%
Krazi
57%
Chopov
43%
Frakjaw
43%
No matching quizzes found
Score Distribution
Percent of People with Each Score
Percentile by Number Answered
Your Score History
You have not taken this quiz